Lyrics raten #21 - Statistiken

Allgemein
  • Dieses Quiz wurde 700 mal gespielt
  • Das Durchschnittsergebnis liegt bei 120 aus 417
Antwortstatistiken
Antwort % Korrekt
ich
97%
Ich
97%
du
92%
Du
92%
da
80%
er
80%
Es
72%
es
72%
das
71%
Das
71%
die
71%
der
67%
Der
67%
bin
66%
und
65%
Ihr
64%
ihr
64%
den
58%
ein
56%
Ein
56%
ist
56%
für
54%
in
54%
hab
51%
War
50%
an
49%
Mein
49%
mein
49%
wer
49%
was
48%
eine
47%
‘ne
46%
nicht
46%
mir
45%
zu
45%
dass
43%
dein
43%
im
43%
auf
42%
Mic
41%
sind
37%
denn
35%
mich
35%
nie
34%
wenn
34%
mit
33%
mit,
33%
alle
32%
hör
29%
kein
29%
Warum
28%
hat
27%
weil
26%
noch
25%
Doch
24%
nur,
24%
oder
24%
von
24%
keine
22%
Leben
22%
leben,
22%
Mach
22%
mach
22%
schon
22%
ob
21%
Alles,
20%
alles,
20%
Alles
20%
auch
20%
Auch
20%
jetzt
20%
Können
20%
seit
20%
Zeit,
19%
Zeit
19%
diese
18%
wird
18%
hätte
17%
hatte
17%
wieder
15%
euch
13%
gedacht?
13%
frag
12%
Bleib
11%
Kopf
11%
steh
11%
lang
10%
darf
9%
glaub
9%
ins
9%
Kommt
9%
kommt
9%
musst
9%
viele
9%
neu,
8%
Traum
8%
anders?
7%
fang
7%
Glück
7%
nehm
7%
Oft
7%
bisschen
6%
egal,
6%
gibt
6%
laut,
6%
Licht
6%
schreib
6%
Tage
6%
anderen
5%
bereit
5%
Freunde,
5%
gleich
5%
habt
5%
kleines
5%
Lieder
5%
reden
5%
Reise,
5%
schöne
5%
Song
5%
Wichtig
5%
zusammen,
5%
anderes
4%
echt
4%
einfach
4%
etwas
4%
gegen
4%
Gesicht
4%
lieber
4%
nehme
4%
rappen
4%
Schau
4%
Teil
4%
Beat,
3%
Digga,
3%
endlich
3%
gedauert,
3%
stark
3%
Bock
2%
Fun
2%
genug
2%
‘nem
2%
Schreibe
2%
steht
2%
Texte
2%
verlieren
2%
Yes,
2%
Zeile
2%
auffangen,
1%
Ausreden
1%
Boxen
1%
Bring
1%
dankbar
1%
darauf
1%
daraus
1%
ernst
1%
extra
1%
fest
1%
gerade
1%
grad
1%
Hater
1%
Lines
1%
Löwen,
1%
Löwenkind
1%
Löwenkind,
1%
Million
1%
Mucke,
1%
pack
1%
reicht
1%
Style
1%
wahres
1%
Weile
1%
wirklich
1%
Album
0%
Albumphase,
0%
ansteht,
0%
Applaus
0%
aufgeben
0%
aufstehen,
0%
Bars
0%
bedrückt
0%
Beiss
0%
Bravo-Cover,
0%
dickere
0%
drüber
0%
enen
0%
erkennst
0%
Fight
0%
gekämpft
0%
geklappt
0%
gelangweilt
0%
geschehen
0%
gewartet
0%
gewöhnlich
0%
Lächeln
0%
Läden
0%
lernst
0%
Löwenkids,
0%
Löwenkids
0%
lustig
0%
Playbutton,
0%
Rhymes
0%
Schicksal,
0%
später
0%
täglichen
0%
tighteren
0%
treten,
0%
verschiebe
0%
Youtube
0%
Zähne
0%
Keine übereinstimmenden Quizze gefunden
Verteilung der Resultate
Anzahl Personen mit jedem Resultat
Perzentil nach korrekt beantworteten Fragen
Ihre Resultats-Entwicklung
Sie haben dieses Quiz noch nicht gespielt